Normal view
MARC view
- Plasticity.
Entry Topical Term
001 - CONTROL NUMBER
- control field: 19040
003 - CONTROL NUMBER IDENTIFIER
- control field: NUST
005 - DATE AND TIME OF LATEST TRANSACTION
- control field: 20190805053952.0
008 - FIXED-LENGTH DATA ELEMENTS
- fixed length control field: 190805|| aca||aabn | a|a d
040 ## - CATALOGING SOURCE
- Original cataloging agency: NUST
- Transcribing agency: NUST
150 ## - HEADING--TOPICAL TERM
- Topical term or geographic name entry element: Plasticity.
670 ## - SOURCE DATA FOUND
- Source citation: Work cat.: (NUST)0: Rees, D. W. A. (David W. A.), 1947- 19039, BASIC ENGINEERING PLASTICITY \, 2015.
